| 000 | 00400nam a2200157Ia 4500 | ||
|---|---|---|---|
| 008 | 180921t2010 xxu||||| |||| 00| 0 sin d | ||
| 041 | _asin | ||
| 080 |
_a581 _bKAD |
||
| 245 | _aකඩොලාන අනාගතයටත් | ||
| 246 | _aKadolana Anagathayatath | ||
| 260 |
_bS.I. _aS.n _c2010 |
||
| 300 | _a73, 25 cm | ||
| 942 | _cBK | ||
| 999 |
_c14030 _d14030 |
||
| 003 | LK-CoDNM | ||
| 040 |
_aLK-CoDNM _dLK-CoDNM _eLK-CoDNM |
||